Todos os agentes de Valorant - Statistics

Estatísticas Gerais
  • Esse quiz foi jogado 273 vezes
  • A pontuação média é 21 de 27
Estatísticas das Respostas
Resposta % Correto
Jett
99%
Brimstone
91%
Omen
89%
Reyna
89%
Killjoy
88%
Cypher
86%
Yoru
86%
Breach
85%
Clove
85%
Phoenix
85%
Raze
85%
Sova
83%
Viper
83%
Sage
79%
Chamber
77%
Iso
76%
Waylay
74%
Harbor
73%
Deadlock
72%
Skye
72%
Vyse
72%
Kayo
69%
Gekko
68%
Neon
68%
Astra
66%
Tejo
66%
Fade
64%
Nenhum quiz correspondente encontrado
Distribuição das Pontuações
Porcentagem de Pessoas com Cada Pontuação
Percentil de Números Respondidos
Sua Pontuação Histórica
Você não jogou esse quiz